000 01032nam a22003137a 4500
003 CHAP
005 20220329143904.0
008 120610s2009 mx r 00010 spa d
010 _a103313
011 _a104285
020 _a9786074900125
035 _a114975
040 _cCHAP
082 0 4 _a862
_bC21
100 1 _aCármina, Bea.
_924127
245 1 3 _aEl ejecutor
_c/por Bea Cármina
260 _aToluca, Méx. :
_bInstituto Mexiquense de Cultura,
_c2009
300 _a132 p.
490 0 _aBiblioteca Mexiquense del Bicentenario.
_pEl espejo de Amarilis
590 _aBATCH-UPD
_b10
_c20130110
_lUCH01
_h1923
590 _aBATCH-UPD
_b10
_c20130410
_lUCH01
_h0559
590 _aBATCH-UPD
_b10
_c20130914
_lUCH01
_h0953
590 _aCONVERSION
_b10
_c20130109
_lUCH01
_h1357
650 0 4 _aLiteratura mexicana.
_967138
830 0 _aBiblioteca Mexiquense del Bicentenario.
_pEl espejo de Amarilis
_912431
901 _aBK
942 _cLIBRO
949 _a862 C21
_bBC
_cLIBRO
_d33724002322769
_eLIBRO
_gDonaciØn
_h116854
_i114975
_sb
999 _c103313
_d103313